Effectif Brentford saison 2023/2024 - Statistiques

Statistiques générales
  • Ce quiz a été pris 95 fois
    62 depuis la dernière actualisation
  • Le résultat moyen est 8 sur 32
Statistiques - réponses
Hint Réponse % Correct
A Bryan Mbeumo
78%
A Ivan Toney
69%
A Yoane Wissa
69%
A Mikkel Damsgaard
50%
M Christian Nørgaard
44%
G Mark Flekken
44%
D Ben Mee
41%
D Kristoffer Ajer
41%
D Ethan Pinnock
38%
A Keane Lewis-Potter
34%
G Thomas Strakosha
28%
M Mathias Jensen
25%
Coach Thomas Frank
25%
M Vitaly Janelt
25%
D Nathan Collins
22%
D Rico Henry
22%
D Sergio Reguilón
22%
D Aaron Hickey
19%
M Frank Onyeka
19%
M Josh Dasilva
19%
A Kevin Schade
16%
A Neal Maupay
16%
D Mads Roerslev
13%
D Zanka
13%
M Saman Ghoddos
9%
G Ellery Balcombe
6%
M Shandon Baptiste
6%
G Hákon Valdimarsson
3%
M Ryan Trevitt
3%
M Yehor Yarmolyuk
3%
M Yunus Emre Konak
3%
A Michael Olakigbe
0%
Aucun quiz correspondant
Distribution des résultats
% des personnes avec chaque résultat
Percentile par nombre de réponses
Votre historique - résultats
Vous n’avez pas pris ce quiz depuis la dernière actualisation